| 000 | 00740nam a22002411 4500 | ||
|---|---|---|---|
| 001 | 6695 | ||
| 003 | BD-RjUL | ||
| 005 | 20211208234308.0 | ||
| 008 | 140112m19661951nyua 00100 eng d | ||
| 035 | _a(BD-RjUL)6736 | ||
| 040 |
_aDLC _cDLC _dBOS _dBD-RjUL _beng |
||
| 041 | _aeng | ||
| 082 | 0 | 0 |
_a512.02 _bJAL 1966 |
| 100 | 1 |
_aJacobson, Nathan, _d1910- _921045 |
|
| 245 | 1 | 0 |
_aLectures in abstract algebra / _cby Nathan Jacobson |
| 260 |
_aNew York : _bVan Nostrand, _c1951 [reprinted 1971]. |
||
| 300 |
_a v : _bdiagrs. _c24 cm. |
||
| 490 | 0 | _aThe University series in higher mathematics. | |
| 504 | _aIncludes index. | ||
| 505 | 0 | _av. 1. Basic concepts.--v. 2. Linear algebra.-- | |
| 650 | 0 |
_aAlgebra, Abstract. _921046 |
|
| 942 |
_2ddc _cBK |
||
| 999 |
_c6695 _d6695 |
||